=LDR 00000nam 2200000 4500 =001 INLIS000000000021305 =005 20130612120155 =008 ***********************************Ind** =035 ##$$0010-061300000021305 =041 ##$$a Ind =082 ##$$a 363.73 =090 ##$$a 363.73, Far p =100 ##$$a Fardiaz, Srikandi =245 ##$$a Polusi air =260 ##$$a 1992 $b Yogyakarta =300 ##$$a 190 hlm, ilus, 21 cm =650 ##$$a Polusi =850 ##$$a NBPNMAT